000 00346nam a2200133Ia 4500
005 20251222140053.0
008 251222s1900||||xx |||||||||||||| ||spa||
082 _a232.931/R63
100 _aRiofrio, Francisco
245 0 _aLa Advocación de Nuestra Señora del Cisne:
250 _a2da. ed.
264 _bBanco Central del Ecuador
942 _cLIB
999 _c3675
_d3675